Transform Calculus for Electrical Engineers (Record no. 182067)

000 -LEADER
fixed length control field 00649 a2200193 4500
003 - CONTROL NUMBER IDENTIFIER
control field Nust
005 - DATE AND TIME OF LATEST TRANSACTION
control field 20221124133640.0
010 ## - LIBRARY OF CONGRESS CONTROL NUMBER
LC control number 619909
040 ## - CATALOGING SOURCE
Transcribing agency Nust
082 ## - DEWEY DECIMAL CLASSIFICATION NUMBER
Classification number 515.723, LEG
100 ## - MAIN ENTRY--PERSONAL NAME
Personal name Legros Roger
9 (RLIN) 103500
245 ## - TITLE STATEMENT
Title Transform Calculus for Electrical Engineers
Statement of responsibility, etc. Legros Roger
260 ## - PUBLICATION, DISTRIBUTION, ETC.
Place of publication, distribution, etc. New Jersey
Name of publisher, distributor, etc. Printice Hall
Date of publication, distribution, etc. 1961
300 ## - PHYSICAL DESCRIPTION
Extent 342p
505 ## - FORMATTED CONTENTS NOTE
Formatted contents note PART-1: Fourier Series Integral and Transform (Page-1), PART-2: Direct Laplace Transform (Page-79), PART-3: Circuits (Page-197), PART-4: Linear Amplifiers (Page-255).
600 ## - SUBJECT ADDED ENTRY--PERSONAL NAME
Personal name Transform Calculus
9 (RLIN) 103501
650 ## - SUBJECT ADDED ENTRY--TOPICAL TERM
Topical term or geographic name entry element Transform Calculus
9 (RLIN) 103502
942 ## - ADDED ENTRY ELEMENTS (KOHA)
Source of classification or shelving scheme
Koha item type Book
Holdings
Withdrawn status Lost status Source of classification or shelving scheme Damaged status Not for loan Permanent Location Current Location Shelving location Date acquired Full call number Barcode Date last seen Price effective from Koha item type Public note
          Military College of Signals (MCS) Military College of Signals (MCS) General Stacks 12/12/2016 515.723, LEG MCS7276 12/08/2016 12/12/2016 Book Almirah No.13, Shelf No.6
© 2023 Central Library, National University of Sciences and Technology. All Rights Reserved.